[Event "Medellin U2000 op"]
[Site "Medellin"]
[Date "2019.10.??"]
[Round "2.11"]
[White "Castano Ochoa, Clemente"]
[Black "Correa, Hernan De Jesus"]
[Result "1-0"]
[WhiteElo "1693"]
[BlackElo "1583"]
[PlyCount "38"]
[EventDate "2019.10.19"]
[EventType "swiss"]
[EventRounds "7"]
[EventCountry "COL"]
[SourceTitle "EXT 2024"]
[Source "ChessBase"]
[SourceDate "2023.10.10"]
[SourceVersion "1"]
[SourceVersionDate "2023.10.10"]
[SourceQuality "1"]

1. d4 Nf6 2. c4 e6 3. Nf3 d5 4. Nc3 Be7 5. e3 0-0 6. Bd2 c6 7. Rc1 Nbd7 8. c5 Re8 9. Bd3 Nf8 10. 0-0 N6d7 11. e4 dxe4 12. Nxe4 Nf6 13. Bf4 Nxe4 14. Bxe4 f5 15. Bb1 g5 16. Be5 Ng6 17. h3 Rf8 18. Rc3 Nxe5 19. Nxe5 Bf6 1-0

[Event "Medellin Region U2000"]
[Site "Medellin"]
[Date "2012.03.21"]
[Round "3.9"]
[White "Restrepo, Hugo"]
[Black "Castano Ochoa, Clemente"]
[Result "0-1"]
[WhiteElo "1797"]
[BlackElo "1691"]
[PlyCount "65"]
[EventDate "2012.03.12"]
[EventType "swiss"]
[EventRounds "6"]
[EventCountry "COL"]
[SourceTitle "EXT 2024"]
[Source "ChessBase"]
[SourceDate "2023.10.10"]
[SourceVersion "1"]
[SourceVersionDate "2023.10.10"]
[SourceQuality "1"]

1. e4 c5 2. Nf3 d6 3. d4 cxd4 4. Nxd4 Nf6 5. Nc3 a6 6. h3 e6 7. g4 h6 8. Be3 b5 9. Bg2 Bb7 10. f3 Be7 11. Qd2 Nh7 12. 0-0-0 Nd7 13. Kb1 Ne5 14. Rhe1 Nc4 15. Qc1 Nxe3 16. Qxe3 Qc7 17. f4 b4 18. Na4 Rc8 19. Qb3 Qc4 20. Qxc4 Rxc4 21. Bf1 Rc7 22. Nb6 0-0 23. Bc4 Rd8 24. f5 e5 25. Nb3 Rc6 26. Nd5 Rxc4 27. Nxe7+ Kf8 28. Na5 Rc7 29. Nxb7 Rxb7 30. Nd5 Nf6 31. Nxf6 gxf6 32. Rd5 Rb6 33. Rd3 0-1

[Event "Antioquia Region-ch Seniors"]
[Site "Medellin"]
[Date "2011.07.??"]
[Round "5.9"]
[White "Zuluaga, Silvio"]
[Black "Castano Ochoa, Clemente"]
[Result "1-0"]
[WhiteElo "1685"]
[BlackElo "1691"]
[PlyCount "47"]
[EventDate "2011.07.18"]
[EventType "tourn"]
[EventRounds "7"]
[EventCountry "COL"]
[SourceTitle "EXT 2024"]
[Source "ChessBase"]
[SourceDate "2023.10.10"]
[SourceVersion "1"]
[SourceVersionDate "2023.10.10"]
[SourceQuality "1"]

1. e4 c5 2. Nf3 d6 3. d4 cxd4 4. Qxd4 a6 5. Nc3 Nf6 6. h3 e5 7. Qd3 h6 8. Be3 Be7 9. Be2 Be6 10. 0-0-0 Nbd7 11. g4 b5 12. g5 hxg5 13. Nxg5 Bc4 14. Qd2 Bxe2 15. Nxe2 Nb6 16. b3 Nbd7 17. f4 Nc5 18. fxe5 Ncxe4 19. Nxe4 Nxe4 20. Kb1 Rc8 21. Qd5 Nc3+ 22. Nxc3 Rxc3 23. Bd4 Rc8 24. Rhf1 1-0

[Event "Antioquia Region-ch C"]
[Site "Medellin"]
[Date "2011.??.??"]
[Round "4.17"]
[White "Gomez Baron, Nicolas"]
[Black "Castano Ochoa, Clemente"]
[Result "0-1"]
[WhiteElo "1587"]
[BlackElo "1691"]
[PlyCount "38"]
[EventDate "2011.03.03"]
[EventType "swiss"]
[EventRounds "7"]
[EventCountry "COL"]
[SourceTitle "EXT 2024"]
[Source "ChessBase"]
[SourceDate "2023.10.10"]
[SourceVersion "1"]
[SourceVersionDate "2023.10.10"]
[SourceQuality "1"]

1. d4 d5 2. c4 e6 3. Nc3 Nf6 4. Nf3 c5 5. e3 Bd6 6. Be2 0-0 7. 0-0 h6 8. Re1 Nbd7 9. b3 Ne4 10. Nxe4 dxe4 11. Nd2 f5 12. Bb2 cxd4 13. exd4 b6 14. Nf1 f4 15. f3 Be7 16. Rc1 Bh4 17. g3 Qg5 18. g4 Bxe1 19. Qxe1 exf3 0-1